书目信息 |
| 题名: |
昨天的秘密
|
|
| 作者: | 魏世仪 著 | |
| 分册: | ||
| 出版信息: | 北京 群众出版社 1993.7 |
|
| 页数: | 285页 | |
| 开本: | 20cm | |
| 丛书名: | ||
| 单 册: | ||
| 中图分类: | I252 , I247.54 | |
| 科图分类: | ||
| 主题词: | 报告文学--中国--现代 , 小说--中国 | |
| 电子资源: | ||
| ISBN: | 7-5014-0995-1 | |
| 000 | 00786nam0 2200253 450 | |
| 001 | 1569862059 | |
| 005 | 20150121192502.07 | |
| 010 | @a7-5014-0995-1@dCNY6.30 | |
| 100 | @a19930925d1993 em y0chiy0110 ea | |
| 101 | 0 | @achi |
| 102 | @aCN@b110000 | |
| 105 | @ay z 000zd | |
| 200 | 1 | @a昨天的秘密@9zuo tian de mi mi@e中国第一颗原子弹研制始末@e长篇纪实文学@f魏世仪著 |
| 210 | @a北京@c群众出版社@d1993.7 | |
| 215 | @a285页@d20cm | |
| 304 | @a魏世仪(1948~ ),当代作家,中国作家协会会员,山东省即墨市文联副主席 | |
| 330 | @a以纪实手法记述了中国研制第一颗原子弹的艰苦历程。 | |
| 606 | 0 | @a报告文学@y中国@z现代 |
| 606 | 0 | @a小说@x中国 |
| 690 | @aI252@v三版 | |
| 690 | @aI247.54@v4 | |
| 701 | 0 | @a魏世仪@9wei shi yi@4著 |
| 801 | 0 | @aCN@bTSSF@c20150121 |
| 905 | @aZUCC@dI247.54@eJY1 | |
| 昨天的秘密:中国第一颗原子弹研制始末:长篇纪实文学/魏世仪著.-北京:群众出版社,1993.7 |
| 285页;20cm |
| ISBN 7-5014-0995-1:CNY6.30 |
| 以纪实手法记述了中国研制第一颗原子弹的艰苦历程。 |
| ● |
| 相关链接 |
|
|
|
|
正题名:昨天的秘密
索取号:I247.54/JY1
 
预约/预借
| 序号 | 登录号 | 条形码 | 馆藏地/架位号 | 状态 | 备注 |
| 1 | 7854602 | 278546021 | 学院路分馆/ [索取号:I247.54/JY1] | 在馆 | |
| 2 | 7854603 | 278546030 | 学院路分馆/ [索取号:I247.54/JY1] | 在馆 | |
| 3 | 7854604 | 278546049 | 学院路分馆/ [索取号:I247.54/JY1] | 在馆 | |
| 4 | 7854605 | 278546058 | 学院路分馆/ [索取号:I247.54/JY1] | 在馆 |